[Event "Kstovo op"]
[Site "Kstovo"]
[Date "2008.09.09"]
[Round "4"]
[White "Obrezchikov, Mikhail"]
[Black "Pyatnitsyn, Maxim"]
[Result "0-1"]
[WhiteElo "1992"]
[BlackElo "1857"]
[PlyCount "76"]
[EventDate "2008.09.06"]
[EventType "swiss"]
[EventRounds "9"]
[EventCountry "RUS"]
[SourceTitle "CBM 126 Extra"]
[Source "ChessBase"]
[SourceDate "2008.11.05"]
[SourceVersion "1"]
[SourceVersionDate "2008.11.05"]
[SourceQuality "1"]

1. d4 Nf6 2. c4 g6 3. Nc3 d5 4. cxd5 Nxd5 5. e4 Nxc3 6. bxc3 Bg7 7. Bc4 c5 8. Ne2 0-0 9. 0-0 Nc6 10. Be3 Bg4 11. f3 cxd4 12. cxd4 Na5 13. Bxf7+ Rxf7 14. fxg4 Rxf1+ 15. Qxf1 Nc4 16. Qf4 e5 17. Qf2 Nxe3 18. Qxe3 Qb6 19. Qd3 exd4 20. Nf4 Rf8 21. Rb1 Qf6 22. Qb3+ Kh8 23. Nd3 Qg5 24. h3 Qe3+ 25. Kh1 Qxe4 26. Nc5 Qe2 27. Qd5 Be5 28. Rg1 Re8 29. Qf7 Bg7 30. Qd5 b6 31. Nd7 Qe6 32. Qb5 Rd8 33. Rc1 Qxd7 34. Qxd7 Rxd7 35. Rc8+ Bf8 36. Rxf8+ Kg7 37. Rf2 d3 38. Rd2 Kf6 0-1

[Event "Kostroma Volga Cup op"]
[Site "Kostroma"]
[Date "2008.07.??"]
[Round "8"]
[White "Pyatnitsyn, Maxim"]
[Black "Dagaev, Dmitry"]
[Result "1-0"]
[WhiteElo "1857"]
[BlackElo "2156"]
[PlyCount "67"]
[EventDate "2008.07.??"]
[EventType "swiss"]
[EventRounds "9"]
[EventCountry "RUS"]
[SourceTitle "EXT 2009"]
[Source "ChessBase"]
[SourceDate "2008.11.26"]
[SourceVersion "1"]
[SourceVersionDate "2008.11.26"]
[SourceQuality "1"]

1. d4 Nf6 2. c4 g6 3. Nc3 d5 4. cxd5 Nxd5 5. e4 Nxc3 6. bxc3 Bg7 7. Ba3 Nd7 8. Bc4 c5 9. Nf3 0-0 10. 0-0 Nb6 11. Bb3 cxd4 12. cxd4 Bg4 13. h3 Bxf3 14. Qxf3 Rc8 15. Rad1 Nc4 16. Bxc4 Rxc4 17. d5 Rc3 18. Rd3 Rxd3 19. Qxd3 Be5 20. Qb5 b6 21. Qa4 f5 22. Qxa7 Bd6 23. e5 Bxa3 24. Qxa3 Qxd5 25. Qxe7 Qxa2 26. e6 Qa8 27. Re1 Qe8 28. Qb7 b5 29. Qd5 Rf6 30. Qd7 Rf8 31. Rc1 b4 32. Rc7 Qxd7 33. exd7 b3 34. Rc8 1-0

[Event "Kostroma Volga Cup op"]
[Site "Kostroma"]
[Date "2008.07.??"]
[Round "7"]
[White "Pyatnitsyn, Maxim"]
[Black "Loshakov, Dmitry"]
[Result "0-1"]
[WhiteElo "1857"]
[BlackElo "2001"]
[PlyCount "62"]
[EventDate "2008.07.??"]
[EventType "swiss"]
[EventRounds "9"]
[EventCountry "RUS"]
[SourceTitle "EXT 2009"]
[Source "ChessBase"]
[SourceDate "2008.11.26"]
[SourceVersion "1"]
[SourceVersionDate "2008.11.26"]
[SourceQuality "1"]

1. e4 c6 2. d4 d5 3. Nc3 g6 4. Nf3 Bg7 5. Be3 Bg4 6. Qd2 dxe4 7. Nxe4 Bxf3 8. gxf3 Nf6 9. 0-0-0 Qd5 10. Nc3 Qxf3 11. Be2 Qf5 12. Bd3 Qa5 13. Bc4 e6 14. Bg5 Nbd7 15. f4 b5 16. Bb3 b4 17. Ne2 Qb5 18. c4 bxc3 19. Nxc3 Qb4 20. Kb1 Nb6 21. Rc1 a5 22. Bxf6 Bxf6 23. Qg2 Nd5 24. Ne4 Bxd4 25. Rxc6 0-0 26. f5 Ne3 27. Qh3 Nxf5 28. Ng5 h6 29. Nf3 Bg7 30. Rc2 a4 31. Bc4 Ne3 0-1

[Event "Kostroma Volga Cup op"]
[Site "Kostroma"]
[Date "2008.07.??"]
[Round "3"]
[White "Pyatnitsyn, Maxim"]
[Black "Simagin, Maxim"]
[Result "1/2-1/2"]
[WhiteElo "1857"]
[BlackElo "1997"]
[PlyCount "65"]
[EventDate "2008.07.??"]
[EventType "swiss"]
[EventRounds "9"]
[EventCountry "RUS"]
[SourceTitle "EXT 2009"]
[Source "ChessBase"]
[SourceDate "2008.11.26"]
[SourceVersion "1"]
[SourceVersionDate "2008.11.26"]
[SourceQuality "1"]

1. e4 e6 2. d4 d5 3. e5 c5 4. c3 Nc6 5. Nf3 Qb6 6. a3 c4 7. Nbd2 Na5 8. g3 Bd7 9. h4 0-0-0 10. Bh3 Kb8 11. 0-0 Be7 12. Ne1 h5 13. Qf3 Be8 14. Qf4 Ka8 15. Nef3 Nh6 16. Re1 Ba4 17. Ng5 Rdf8 18. Qf3 g6 19. Qe2 Bxg5 20. hxg5 Ng8 21. Kg2 Ne7 22. g4 Nb3 23. Nxb3 Bxb3 24. gxh5 Rxh5 25. Bg4 Rh4 26. Bf4 Qd8 27. Bg3 Rh7 28. Qd2 Rfh8 29. Rh1 Rxh1 30. Rxh1 Rxh1 31. Kxh1 Qh8+ 32. Kg2 Nf5 33. Qc1 1/2-1/2

[Event "Nizhnij Novgorod Voroniatov Memor 5th"]
[Site "Nizhnij Novgorod"]
[Date "2008.06.14"]
[Round "?"]
[White "Pyatnitsyn, Maxim"]
[Black "Jevtushenko, VV."]
[Result "1-0"]
[WhiteElo "1866"]
[BlackElo "2020"]
[PlyCount "47"]
[EventDate "2008.06.14"]
[EventType "swiss"]
[EventRounds "9"]
[EventCountry "RUS"]
[SourceTitle "EXT 2022"]
[Source "ChessBase"]
[SourceDate "2021.10.06"]
[SourceVersion "1"]
[SourceVersionDate "2021.10.06"]
[SourceQuality "1"]

1. e4 d6 2. d4 Nd7 3. Nf3 e6 4. Bc4 Ngf6 5. Nc3 c6 6. 0-0 d5 7. Bd3 dxe4 8. Nxe4 Nxe4 9. Bxe4 Be7 10. c3 Nf6 11. Bc2 0-0 12. Qd3 Qc7 13. Bg5 g6 14. Bh6 Rd8 15. Ne5 c5 16. Rad1 b6 17. Qg3 Ne8 18. Qf3 Bf6 19. Be4 Bxe5 20. Bxa8 cxd4 21. cxd4 Bxd4 22. Qc6 Qe5 23. Qe4 Ba6 24. Qxe5 1-0

[Event "Nizhnij Novgorod Voroniatov Memor 5th"]
[Site "Nizhnij Novgorod"]
[Date "2008.06.14"]
[Round "?"]
[White "Zanozin, Anatoly"]
[Black "Pyatnitsyn, Maxim"]
[Result "1/2-1/2"]
[WhiteElo "2132"]
[BlackElo "1866"]
[PlyCount "61"]
[EventDate "2008.06.14"]
[EventType "swiss"]
[EventRounds "9"]
[EventCountry "RUS"]
[SourceTitle "EXT 2022"]
[Source "ChessBase"]
[SourceDate "2021.10.06"]
[SourceVersion "1"]
[SourceVersionDate "2021.10.06"]
[SourceQuality "1"]

1. e4 c6 2. d4 d5 3. Nc3 dxe4 4. Nxe4 Bf5 5. Ng3 Bg6 6. Nf3 Nd7 7. h4 h6 8. h5 Bh7 9. Bd3 Bxd3 10. Qxd3 Qc7 11. Bd2 e6 12. 0-0-0 Bd6 13. Rh4 Ngf6 14. Ne4 Nxe4 15. Qxe4 0-0-0 16. Kb1 Kb8 17. c4 c5 18. Bc3 Be7 19. Rhh1 Bf6 20. Rhe1 cxd4 21. Bxd4 Bxd4 22. Qxd4 Nf6 23. Qe5 Kc8 24. a3 Rxd1+ 25. Rxd1 Rd8 26. Rxd8+ Kxd8 27. Qd4+ Qd7 28. Qxa7 Qd3+ 29. Ka1 Qf1+ 30. Ka2 Qxc4+ 31. Ka1 1/2-1/2

[Event "Nizhnij Novgorod Dubinin Memorial 15th"]
[Site "Nizhnij Novgorod"]
[Date "2008.01.??"]
[Round "?"]
[White "Lokshin, Grigory"]
[Black "Pyatnitsyn, Maxim"]
[Result "1/2-1/2"]
[WhiteElo "1921"]
[BlackElo "1803"]
[PlyCount "57"]
[EventDate "2008.01.??"]
[EventType "swiss"]
[EventRounds "9"]
[EventCountry "RUS"]
[SourceTitle "CBM 122 Extra"]
[Source "ChessBase"]
[SourceDate "2008.03.04"]
[SourceVersion "1"]
[SourceVersionDate "2008.03.04"]
[SourceQuality "1"]

1. d4 Nf6 2. Bg5 Ne4 3. Bf4 d5 4. Nd2 Bf5 5. e3 e6 6. Nxe4 Bxe4 7. f3 Bg6 8. h4 h6 9. h5 Bh7 10. Bd3 Bxd3 11. Qxd3 c5 12. Ne2 c4 13. Qd2 Nc6 14. c3 Bd6 15. e4 b5 16. exd5 exd5 17. Kf2 Bxf4 18. Qxf4 0-0 19. g4 Qg5 20. Qxg5 hxg5 21. Ng3 g6 22. hxg6 fxg6 23. Rh6 Kg7 24. Rah1 Rh8 25. Rxh8 Rxh8 26. Rxh8 Kxh8 27. Ne2 Kg7 28. f4 Kf6 29. Kf3 1/2-1/2

[Event "Nizhnij Novgorod Dubinin Memorial 15th"]
[Site "Nizhnij Novgorod"]
[Date "2008.01.??"]
[Round "?"]
[White "Pyatnitsyn, Maxim"]
[Black "Grushin, Stanislav"]
[Result "0-1"]
[WhiteElo "1803"]
[BlackElo "1965"]
[PlyCount "62"]
[EventDate "2008.01.??"]
[EventType "swiss"]
[EventRounds "9"]
[EventCountry "RUS"]
[SourceTitle "CBM 122 Extra"]
[Source "ChessBase"]
[SourceDate "2008.03.04"]
[SourceVersion "1"]
[SourceVersionDate "2008.03.04"]
[SourceQuality "1"]

1. e4 c5 2. Nf3 Nc6 3. d4 cxd4 4. Nxd4 g6 5. Nc3 Bg7 6. Be3 Nf6 7. Nb3 0-0 8. Be2 d6 9. 0-0 a6 10. f4 b5 11. Bf3 Bb7 12. Nd5 Nxd5 13. exd5 Na5 14. Nxa5 Qxa5 15. Bd4 Qb4 16. Bxg7 Kxg7 17. Qc1 Qc5+ 18. Kh1 Bxd5 19. Bxd5 Qxd5 20. f5 Rac8 21. Qg5 f6 22. Qe3 Rxc2 23. Rg1 Re8 24. Rad1 Qe5 25. Qa7 Qxf5 26. Rxd6 Rxb2 27. Re1 Rb1 28. Rde6 Qxe6 29. Rxb1 Qxa2 30. Re1 Kf7 31. Qd7 Qc4 0-1

[Event "Nizhnij Novgorod Dubinin Memorial 15th"]
[Site "Nizhnij Novgorod"]
[Date "2008.01.??"]
[Round "?"]
[White "Pyatnitsyn, Maxim"]
[Black "Komin, Vladimir"]
[Result "0-1"]
[WhiteElo "1803"]
[BlackElo "2074"]
[PlyCount "56"]
[EventDate "2008.01.??"]
[EventType "swiss"]
[EventRounds "9"]
[EventCountry "RUS"]
[SourceTitle "CBM 122 Extra"]
[Source "ChessBase"]
[SourceDate "2008.03.04"]
[SourceVersion "1"]
[SourceVersionDate "2008.03.04"]
[SourceQuality "1"]

1. e4 c5 2. Nf3 e6 3. d4 cxd4 4. Nxd4 a6 5. Nc3 Qc7 6. Be3 Nf6 7. f3 Bd6 8. g3 Bb4 9. Qd2 d5 10. Bd3 dxe4 11. fxe4 Ng4 12. Nde2 Nxe3 13. Qxe3 Nc6 14. 0-0-0 Ne5 15. a3 Bc5 16. Qg5 0-0 17. Kb1 b5 18. Na2 Bb7 19. Rhf1 Rac8 20. Nec3 Be7 21. Qd2 Rfd8 22. Qe2 Rd4 23. b4 Bf8 24. g4 g6 25. h4 Bg7 26. h5 Nc4 27. Rf3 Nxa3+ 28. Kb2 Rxb4+ 0-1

[Event "Nizhnij Novgorod Dubinin Memorial 15th"]
[Site "Nizhnij Novgorod"]
[Date "2008.01.??"]
[Round "?"]
[White "Remizov, Alexander"]
[Black "Pyatnitsyn, Maxim"]
[Result "0-1"]
[WhiteElo "1948"]
[BlackElo "1803"]
[PlyCount "58"]
[EventDate "2008.01.??"]
[EventType "swiss"]
[EventRounds "9"]
[EventCountry "RUS"]
[SourceTitle "CBM 122 Extra"]
[Source "ChessBase"]
[SourceDate "2008.03.04"]
[SourceVersion "1"]
[SourceVersionDate "2008.03.04"]
[SourceQuality "1"]

1. d4 Nf6 2. f3 d5 3. e4 dxe4 4. Nc3 Bf5 5. fxe4 Nxe4 6. Qf3 Nxc3 7. bxc3 Qc8 8. Ba3 Qe6+ 9. Be2 g6 10. Bc1 Bg7 11. Qg3 c5 12. Nf3 Nc6 13. Ng5 Qf6 14. 0-0 cxd4 15. Bc4 0-0 16. Qc7 dxc3 17. Bxf7+ Rxf7 18. Nxf7 Qxf7 19. Qxb7 Rc8 20. Be3 Ne5 21. Bxa7 Qe6 22. Kh1 Bxc2 23. Rfe1 Qd7 24. Qxd7 Nxd7 25. Rxe7 Bf5 26. Be3 c2 27. Rc1 Bb2 28. h3 Bxc1 29. Bxc1 Nc5 0-1

[Event "Kstovo Mayak op"]
[Site "Kstovo"]
[Date "2007.12.11"]
[Round "8"]
[White "Tkachev, Viacheslav"]
[Black "Pyatnitsyn, Maxim"]
[Result "1-0"]
[WhiteElo "2134"]
[BlackElo "1828"]
[PlyCount "65"]
[EventDate "2007.11.19"]
[EventType "swiss"]
[EventRounds "9"]
[EventCountry "RUS"]
[SourceTitle "EXT 2022"]
[Source "ChessBase"]
[SourceDate "2021.10.06"]
[SourceVersion "1"]
[SourceVersionDate "2021.10.06"]
[SourceQuality "1"]

1. e4 c6 2. d4 d5 3. e5 Bf5 4. h4 h5 5. Be2 g6 6. c3 Qb6 7. Nd2 e6 8. f3 Bh6 9. g4 hxg4 10. fxg4 Bxd2+ 11. Qxd2 Be4 12. Rh2 Nd7 13. a4 a5 14. b4 Nxe5 15. Qf4 Nd3+ 16. Bxd3 Bxd3 17. Ba3 Qd8 18. Nf3 Qf6 19. Qg3 Bc4 20. Rf2 Qg7 21. bxa5 0-0-0 22. g5 f6 23. Bc5 Re8 24. 0-0-0 Qc7 25. Qxc7+ Kxc7 26. Nd2 fxg5 27. Nxc4 dxc4 28. hxg5 Rh5 29. Rf7+ Kc8 30. Rg1 Rh2 31. Rgf1 Ra2 32. R1f3 Rxa4 33. Rf8 1-0

[Event "Kstovo Mayak op"]
[Site "Kstovo"]
[Date "2007.11.22"]
[Round "3"]
[White "Pyatnitsyn, Maxim"]
[Black "Jevtushenko, VV."]
[Result "1/2-1/2"]
[WhiteElo "1828"]
[BlackElo "2068"]
[PlyCount "80"]
[EventDate "2007.11.19"]
[EventType "swiss"]
[EventRounds "9"]
[EventCountry "RUS"]
[SourceTitle "EXT 2022"]
[Source "ChessBase"]
[SourceDate "2021.10.06"]
[SourceVersion "1"]
[SourceVersionDate "2021.10.06"]
[SourceQuality "1"]

1. e4 c5 2. Nf3 Nc6 3. d4 cxd4 4. Nxd4 Nf6 5. Nc3 e5 6. Ndb5 d6 7. Bg5 a6 8. Bxf6 gxf6 9. Na3 f5 10. Bd3 b5 11. Nd5 Be6 12. c3 Bxd5 13. exd5 Ne7 14. Nxb5 Ng6 15. Na3 e4 16. Qa4+ Ke7 17. Bc4 Ne5 18. Nc2 Qb6 19. 0-0 Qc5 20. Bb3 Bg7 21. Nd4 Kf6 22. Rae1 Bh6 23. Kh1 Rhg8 24. Bc2 Qc4 25. Qxc4 Nxc4 26. b3 Ne5 27. f3 Bd2 28. Rd1 e3 29. c4 Ng6 30. f4 Rae8 31. Bd3 h5 32. Bxf5 e2 33. Nxe2 Rxe2 34. Bd3 Rge8 35. Bxe2 Rxe2 36. g3 Bb4 37. a3 Bxa3 38. Ra1 Bc5 39. Rxa6 Rb2 40. Rf3 Ne7 1/2-1/2

[Event "Kstovo Mayak op"]
[Site "Kstovo"]
[Date "2007.11.19"]
[Round "1"]
[White "Svetlov, Dmitry"]
[Black "Pyatnitsyn, Maxim"]
[Result "1-0"]
[WhiteElo "2208"]
[BlackElo "1828"]
[PlyCount "49"]
[EventDate "2007.11.19"]
[EventType "swiss"]
[EventRounds "9"]
[EventCountry "RUS"]
[SourceTitle "EXT 2022"]
[Source "ChessBase"]
[SourceDate "2021.10.06"]
[SourceVersion "1"]
[SourceVersionDate "2021.10.06"]
[SourceQuality "1"]

1. d4 Nf6 2. c4 g6 3. Nc3 d5 4. Nf3 Bg7 5. cxd5 Nxd5 6. e4 Nxc3 7. bxc3 c5 8. Be2 0-0 9. Rb1 Nc6 10. d5 Ne5 11. Nxe5 Bxe5 12. Qd2 Bc7 13. 0-0 Ba5 14. Qe3 Qd6 15. c4 f6 16. f4 Bc7 17. Bb2 e5 18. fxe5 fxe5 19. Rxf8+ Qxf8 20. Qg5 Qd6 21. Rf1 Kg7 22. Bc1 Bd7 23. Qh4 Re8 24. Rf7+ Kxf7 25. Qxh7+ 1-0

[Event "PriFR-ch U16"]
[Site "Gorodets"]
[Date "2007.11.??"]
[Round "4"]
[White "Pyatnitsyn, Maxim"]
[Black "Muslimov, Evgeny"]
[Result "0-1"]
[WhiteElo "1818"]
[BlackElo "2035"]
[PlyCount "58"]
[EventDate "2007.11.02"]
[EventType "swiss"]
[EventRounds "9"]
[EventCountry "RUS"]
[SourceTitle "EXT 2022"]
[Source "ChessBase"]
[SourceDate "2021.10.06"]
[SourceVersion "1"]
[SourceVersionDate "2021.10.06"]
[SourceQuality "1"]

1. e4 c5 2. c3 Nf6 3. e5 Nd5 4. d4 cxd4 5. cxd4 e6 6. Nf3 Nc6 7. a3 d6 8. Bd3 Qc7 9. 0-0 Bd7 10. Qe2 dxe5 11. dxe5 Bc5 12. Nc3 Nxc3 13. bxc3 0-0-0 14. Rb1 f6 15. exf6 gxf6 16. Be3 Bxe3 17. Qxe3 e5 18. Rb2 Kb8 19. Rfb1 Bc8 20. Nd2 Ka8 21. Qf3 Rhg8 22. Be4 Bg4 23. Qxf6 Rd6 24. Qh4 Nd8 25. Qxh7 Rg7 26. Qh8 Bc8 27. Nf1 Rg4 28. Bf3 Rg5 29. Ne3 Rg7 0-1